000 00548nam a2200229Ia 4500
003 OSt
005 20220924133755.0
006 a|||||r|||| 00| 0
007 ta
008 220923b |||||||| |||| 00| 0 snd d
024 _a268759
037 _cTextual
040 _aARTS
_cARTS
_bsnd
041 _2snd
_asnd
082 _aO1593,1:g, G6
100 _aKishanchand
_9207311
245 0 _aPhool dani
260 _c1932
300 _a195P.
_ccm.
942 _hO1593,1:g, G6
_cTEXL
_2CC
999 _c435142
_d435142